00342nam a2200145Ia 45000010005000000080041000050200022000460820014000681000011000822450033000932600018001265900007001449010028001519990017001794328241024s9999 xx 000 0 und d a978-92-3-100019-5 a379/UN56g aUNESCO 0aGlobal Citizenship Education bFranciac2014 asi a31/8/2016 12:04:37 p.m. c10848d10848